|
|
|
|
| LEADER |
02241nam a2200493 i 4500 |
| 001 |
EBC1742832 |
| 003 |
MiAaPQ |
| 005 |
20200520144314.0 |
| 006 |
m o d | |
| 007 |
cr cnu|||||||| |
| 008 |
140801t20142014njua o 001 0 eng d |
| 020 |
|
|
|z 9781118752197
|
| 020 |
|
|
|a 9781118926642
|q (electronic bk.)
|
| 020 |
|
|
|a 9781118926611
|q (electronic bk.)
|
| 035 |
|
|
|a (MiAaPQ)EBC1742832
|
| 035 |
|
|
|a (Au-PeEL)EBL1742832
|
| 035 |
|
|
|a (CaPaEBR)ebr10895753
|
| 035 |
|
|
|a (CaONFJC)MIL629215
|
| 035 |
|
|
|a (OCoLC)881386653
|
| 040 |
|
|
|a MiAaPQ
|b eng
|e rda
|e pn
|c MiAaPQ
|d MiAaPQ
|
| 050 |
|
4 |
|a HG4751
|b .R36 2014
|
| 082 |
0 |
|
|a 332/.04154068
|2 23
|
| 100 |
1 |
|
|a Ramsinghani, Mahendra,
|e author.
|
| 245 |
1 |
4 |
|a The business of venture capital :
|b insights from leading practitioners on the art of raising a fund, deal structuring, value creation, and exit strategies /
|c Mahendra Ramsinghani ; foreword by Brad Feld ; afterword by Chris Douvos.
|
| 250 |
|
|
|a Second edition.
|
| 264 |
|
1 |
|a Hoboken, New Jersey :
|b Wiley,
|c 2014.
|
| 264 |
|
4 |
|c 2014
|
| 300 |
|
|
|a 1 online resource (435 pages) :
|b illustrations, tables.
|
| 336 |
|
|
|a text
|2 rdacontent
|
| 337 |
|
|
|a computer
|2 rdamedia
|
| 338 |
|
|
|a online resource
|2 rdacarrier
|
| 490 |
1 |
|
|a Wiley Finance Series
|
| 500 |
|
|
|a "+ Website"--Cover.
|
| 500 |
|
|
|a Includes index.
|
| 588 |
|
|
|a Description based on print version record.
|
| 590 |
|
|
|a Electronic reproduction. Ann Arbor, MI : ProQuest, 2015. Available via World Wide Web. Access may be limited to ProQuest affiliated libraries.
|
| 650 |
|
0 |
|a Venture capital.
|
| 655 |
|
4 |
|a Electronic books.
|
| 700 |
1 |
|
|a Feld, Brad,
|e author of introduction, etc.
|
| 700 |
1 |
|
|a Douvos, Chris,
|e author of afterword, colophon, etc.
|
| 776 |
0 |
8 |
|i Print version:
|a Ramsinghani, Mahendra.
|t Business of venture capital : insights from leading practitioners on the art of raising a fund, deal structuring, value creation, and exit strategies.
|b Second edition.
|d Hoboken, New Jersey : Wiley, c2014
|h xxiii, 408 pages
|k Wiley finance series.
|z 9781118752197
|w 2014007536
|
| 797 |
2 |
|
|a ProQuest (Firm)
|
| 830 |
|
0 |
|a Wiley finance series.
|
| 856 |
4 |
0 |
|u https://ebookcentral.proquest.com/lib/matrademy/detail.action?docID=1742832
|z Click to View
|